Scottish Nature Conservation Bill approved (Record no. 117304)

MARC details
000 -LEADER
fixed length control field 01149cam a2200229 4500
001 - CONTROL NUMBER
control field WB4017-20
008 - FIXED-LENGTH DATA ELEMENTS--GENERAL INFORMATION
fixed length control field 040506n2004 000 0 eng u
035 ## - SYSTEM CONTROL NUMBER
System control number (Sirsi) u126115
245 ## - TITLE STATEMENT
Title Scottish Nature Conservation Bill approved
260 ## - PUBLICATION, DISTRIBUTION, ETC.
Date of publication, distribution, etc. 2004
490 ## - SERIES STATEMENT
Series statement Scottish Executive News Release
Volume/sequential designation (SEEN851/2004) 5 May 2004 (2)
520 ## - SUMMARY, ETC.
Summary, etc. The Scottish Parliament has approved the Nature Conservation (Scotland) Bill 2004. The Bill introduces a general biodiversity duty which will apply to all Scotland's public bodies. It will also improve protection for Scotland's important Sites of Special Scientific Interest. It builds on the Criminal Justice (Scotland) Act 2003, to help combat wildlife crime. Copies of the Bill are available to download from http://www.scottish.parliament.uk/. http://www.scotland.gov.uk/pages/news/2004/05/SEEN 851.aspx
590 ## - LOCAL NOTE (RLIN)
Local note WB
590 ## - LOCAL NOTE (RLIN)
Local note WB
650 ## - SUBJECT ADDED ENTRY--TOPICAL TERM
Topical term or geographic name entry element NATURE CONSERVATION (SCOTLAND) ACT 2004
650 ## - SUBJECT ADDED ENTRY--TOPICAL TERM
Topical term or geographic name entry element SCOTLAND
650 ## - SUBJECT ADDED ENTRY--TOPICAL TERM
Topical term or geographic name entry element SITES OF SPECIAL SCIENTIFIC INTEREST
650 ## - SUBJECT ADDED ENTRY--TOPICAL TERM
Topical term or geographic name entry element CRIMINAL JUSTICE (SCOTLAND) ACT 2003
650 ## - SUBJECT ADDED ENTRY--TOPICAL TERM
Topical term or geographic name entry element WILDLIFE CRIME
690 ## - LOCAL SUBJECT ADDED ENTRY--TOPICAL TERM (OCLC, RLIN)
Topical term or geographic name as entry element RURAL
9 (RLIN) 6268
942 ## - ADDED ENTRY ELEMENTS (KOHA)
Suppress in OPAC 0
Holdings
Withdrawn status Lost status Source of classification or shelving scheme Damaged status Not for loan Home library Current library Shelving location Date acquired Total Checkouts Full call number Barcode Date last seen Copy number Price effective from Koha item type
    Dewey Decimal Classification     London London News article 06/05/2004   WB4017-20 126115-1001 06/08/2019 1 06/08/2019 News article